| 000 | 00848nam a22002297a 4500 | ||
|---|---|---|---|
| 999 |
_c11601 _d11601 |
||
| 003 | AR-CdUCM | ||
| 008 | 190404b ||||| |||| 00| 0 spa d | ||
| 040 |
_aMUNICIPALIDAD PROVINCIAL DEL CUSCO _cBIBLIOTECA MUNICIPAL DEL CUSCO |
||
| 082 |
_a869.15 / _bG71 / 1910 |
||
| 100 |
_aGonzales Martines, Enrique _929044 |
||
| 245 | _aPoemas escogidos : | ||
| 260 |
_aBarcelona : _bMaucci, _c1910. |
||
| 300 |
_a221 páginas ; _c19 cm. |
||
| 440 |
_aColecciones de escritores americanos _929045 |
||
| 505 | _aContenido : De "Silenter" -- Como la barca es mía -- Visión lunar -- Iras sobre la vida de las cosas -- A veces una hoja desprendida -- Vivere vitam ... | ||
| 650 |
_aPoemas _9929 |
||
| 650 |
_aEscogidas _929046 |
||
| 650 |
_aEspañola _924066 |
||
| 700 |
_aToussaint, Manuel _914554 |
||
| 942 |
_2ddc _cLIBROS |
||
| 945 |
_arah _d04/04/2019 |
||